Bridge, Canal, Dam, Skyscraper, or Tunnel - World Infrastructure Quiz - Statistics

General Stats
  • This quiz has been taken 51 times
  • The average score is 21 of 36
Answer Stats
Hint Answer % Correct
Golden Gate Bridge
98%
Brooklyn Bridge
95%
Burj Khalifa Skyscraper
93%
Panama Canal
91%
Suez Canal
91%
Empire State Skyscraper
91%
Sydney Harbour Bridge
86%
Hoover Dam
84%
The Shard Skyscraper
79%
Aswan Dam
77%
Three Gorges Dam
77%
Petronas Skyscraper
77%
Erie Canal
72%
Rockefeller Skyscraper
72%
Grand Canal
65%
Wilis Skyscraper
65%
Rialto Bridge
63%
Channel Tunnel
63%
London Tower Bridge
60%
Shanghai Skyscraper
60%
Mount Blanc Tunnel
60%
Vasco da Gama Bridge
51%
Vecchio Bridge
49%
Corinth Canal
47%
Millau Bridge
44%
Lincoln Tunnel
44%
Gotthard Tunnel
42%
Mackinac Bridge
40%
Kiel Canal
37%
Verasca Dam
28%
Si-o-se Pol Bridge
26%
Tarbela Dam
26%
Atatürk Dam
26%
Laerdal Tunnel
23%
Detroit-Windsor Tunnel
21%
Eisenhower Memorial Tunnel
16%
No matching quizzes found
Score Distribution
Percent of People with Each Score
Percentile by Number Answered
Your Score History
You have not taken this quiz